Quelle politique industrielle pour stimuler l'innovation?

Problém duševného vlastníctva inovácie. Horizontálne a vertikálne stratégie a problémy spojené s nimi. Dva príklady hodné pozornosti. Výber spôsobu vertikálnej transakcie. Verejné trhy a regionálna politika pri stimulovaní inovácií. (The Economic Journal 1992, č.410).

Na minha lista:
Detalhes bibliográficos
Autor principal: Geroski, P.A
Formato: Capítulo de Livro
Idioma:francês
Assuntos:
Tags: Adicionar Tag
Sem tags, seja o primeiro a adicionar uma tag!

MARC

LEADER 00000naa a2200000 4500
001 r008793
005 20220913125209.9
041 0 |a fre 
044 |a FR 
245 1 0 |a Quelle politique industrielle pour stimuler l'innovation?  |c P.A. Geroski 
520 |a Problém duševného vlastníctva inovácie. Horizontálne a vertikálne stratégie a problémy spojené s nimi. Dva príklady hodné pozornosti. Výber spôsobu vertikálnej transakcie. Verejné trhy a regionálna politika pri stimulovaní inovácií. (The Economic Journal 1992, č.410). 
610 2 0 |a inovácia 
610 2 0 |a stratégia hospodárska 
610 2 0 |a stimulovanie ekonomické 
610 2 0 |a politika priemyselná 
610 2 0 |a výskum 
610 2 0 |a vývoj 
610 2 0 |a právo priemyselné 
610 2 0 |a vynálezy 
610 2 0 |a trh 
100 1 |a Geroski, P.A.